Coupe du Monde Rugby: Nouvelle-Zélande - Statistiques

Statistiques générales
  • Ce quiz a été pris 117 fois
  • Le résultat moyen est 17 sur 19
Statistiques - réponses
Réponse % Correct
Angleterre
100%
Australie
100%
France
100%
Afrique du Sud
99%
Ecosse
98%
Irlande
97%
Pays de Galles
97%
Fidji
94%
Italie
94%
Argentine
91%
Japon
90%
Tonga
90%
Canada
89%
Etats-Unis
89%
Namibie
85%
Géorgie
80%
Roumanie
78%
Portugal
74%
Uruguay
70%
Aucun quiz correspondant
Distribution des résultats
% des personnes avec chaque résultat
Percentile par nombre de réponses
Votre historique - résultats
Vous n’avez pas pris ce quiz